LEADER 00920nam0-22003251i-450- 001 990002021460403321 005 20021010 035 $a000202146 035 $aFED01000202146 035 $a(Aleph)000202146FED01 035 $a000202146 100 $a20021010d--------km-y0itay50------ba 101 0 $aita 200 1 $a<>synonymic catalogue homoptera$epart 1 Cicadidae.$fW.L. Distant 210 $aLondon$cTrustees of the British Museum$d1906 215 $a206 p.$d22 cm 610 0 $aCicadoidea 610 0 $aRhynchota Homoptera 610 0 $aRincoti Auchenorinchi 676 $a595.752 700 1$aDistant,$bWilliam Lucas$088515 801 0$aIT$bUNINA$gRICA$2UNIMARC 901 $aBK 912 $a990002021460403321 952 $a61 IV F.7/02.1$b2464$fDAGEN 952 $a61 IV F.7/02$b316$fDAGEN 959 $aDAGEN 996 $aSynonymic catalogue homoptera$9405205 997 $aUNINA DB $aING01 LEADER 01224nam a2200313 i 4500 001 991001886629707536 008 061012s1994 dcuab b 000 0 eng d 020 $a0875902596 035 $ab13442983-39ule_inst 040 $aDi.S.Te.B.A.$beng 082 00$a592.177$222 084 $aLC QL364.18.B56 245 04$aThe bio-physics of marine larval dispersal /$cP. W. Sammarco and M. L. Heron, eds. 260 $aWashington, D.C. :$bAmerican Geophysical Union,$c1994 300 $axii, 352 p. :$bill., maps ;$c25 cm 440 0$aCoastal and estuarine studies,$x0733-9569 ;$v45 504 $aIncludes bibliographical references 650 0$aMarine invertebrates$xLarvae$xDispersal 650 0$aMarine fishes$xLarvae$xDispersal 650 0$aBiophysics 700 1 $aSammarco, Paul William 700 1 $aHeron, Malcolm Lewis 740 0 $aBiophysics of marine larval dispersal 907 $a.b13442983$b20-02-07$c12-10-06 912 $a991001886629707536 945 $aLE003 592 SAM01.01 (1994)$g1$i2003000090130$lle003$op$pE38.71$q-$rl$s- $t0$u0$v0$w0$x0$y.i14374353$z20-02-07 996 $aBio-physics of marine larval dispersal$91098283 997 $aUNISALENTO 998 $ale003$b12-10-06$cm$da $e-$feng$gdcu$h4$i0